000 05447nam a22005537a 4500
005 2009121403193.0
008 091214t xxu||||| |||| 00| 0 eng d
010 _aB-369242-267 B-421029
020 _a9788184082067
_c130.00
035 _aB-369242-267 B-421029
037 _bIndiana Publishing House
040 _adpl
_bEnglish
082 _aS
100 _aDumas, Alexandre
_921282
245 _aThe count of Monte Cristo /
_cby Alexandre Dumas ; adapted by Jame Paul
260 _aNew Delhi
_bIndiana Publishing House
_c2010(repr.).
270 _a2/13, Ansari Road, Darya Ganj,
_bNew Delhi
_e110002
300 _ax, 238p.:
_b ill.
_c24cm(Hb)
490 _aIndiana Illustrated classics
_921283
942 _2ddc
_cCH
_mDUM
_hS
999 _c32723
_d32723